000 00500nam a22001817a 4500
003 CEME
005 20210628203158.0
008 210420b xxu||||| |||| 00| 0 eng d
020 _a0-201-10709-0
040 _c.
082 _a003.54 (PS) BLA'P
100 _aBlahut, Richard E
_941567
245 _aPrinciples and practice of information theory
260 _aENGLAND
_bADDISON WESLEY
_c1987
300 _a458P
650 _aTELECOMMUNICATION SYSTEMS INFORMATION THOERY
_963796
942 _cBK
_2ddc
999 _c572512
_d572512